1470 1975 1828 1127 1216 1530 1438 1802 1177 1241 1970 1470 1260 1330 1402 1478 1115 1472 1631 1782 1780 1832 1122 1585 1945 1359 1377 1772 1124 1192 1626 1398 1122 1685 1470 1600 1779 1468 1065 1200 1879 1925 1388 1894 1799 1039 1756 1166 1309 1631 1317 1029 1663 1996 1550 1739 1755 1684 1360 1656 1663 1584 1133 1297 1601 1222 1159 1013 1749 1551 1205 1726 1954 1102 1987 1472 1454 1069 1806 1030 1295 1325 1504 1277 1349 1550 1118 1513 1686 1384 1375 1321 1912 1417 1757 1124 1701 1506 1790 BCNSPRNW ULIB Ver.6.0+V

เปลี่ยนเป็นภาษาไทย

Change to English
 แสดงรายละเอียดบรรณานุกรม
  กลับหน้าหลัก

Brief Record : Get Marc (ISO 2709) : E-mail record : QR code < ปิดหน้าต่าง
LEADER : 00000nam 2200000uu 4500
001    13399111925
003     ULIB
008    110627s2551||||th 000 0 tha d
020    9789741000913
090    นว.^bต393ส 2551
100 0  ติยาภัทร
245 00 สุดรอยทราย ใต้เงาจันทร์/^cติยาภัทร
260    กรุงเทพฯ :^bcome on,^c2551
300    320 หน้า
710 1  come on
945    ^p220^l0^i023600
995    ทศพร
999 ^a ใช้งานได้ทุกระบบ
รายการนี้ยังไม่มีแท็ก
คุณยังไม่ได้ล็อกอิน คุณสามารถมีกิจกรรมร่วมกับเว็บไซต์ได้ แต่ต้องล็อกอินก่อน ::
  ล็อกอิน

รายการสื่อสารสนเทศ

ลำดับที่ ประเภท เลขเรียก/บาร์โค้ด สถานที่ สถานะ
- ไม่พบข้อมูล -

BibComment


ยังไม่เคยถูกคอมเมนท์

คอมเมนท์ทรัพยากรรายการนี้
  คอมเมนท์: สุดรอยทราย ใต้เงา..


 Copyright 2026. Bcnsprnw @Library